LEADER 01003nam0 22002651i 450 001 UON00200352 005 20231205103250.770 100 $a20030730d1963 |0itac50 ba 101 $aeng 102 $aGB 105 $a|||| 1|||| 200 1 $aChristina Rossetti$fLona Mosk Packer 210 $aBerkeley and Los Angeles$cuniversity of California$d1963 215 $axx, 459 p.$d24 cm. 606 $aROSSETTI CHRISTINA$3UONC084224$2FI 620 $aUS$dBerkeley$3UONL000021 620 $aUS$dLos Angeles$3UONL000060 676 $a809.9352$cBiografia e autobiografia come letteratura.$v21 700 1$aPACKER$bLona Mosk$3UONV119453$0680036 801 $aIT$bSOL$c20240220$gRICA 899 $aSIBA - SISTEMA BIBLIOTECARIO DI ATENEO$2UONSI 912 $aUON00200352 950 $aSIBA - SISTEMA BIBLIOTECARIO DI ATENEO$dSI Angl V B ROS PAC $eSI MR 1636 5 $sBuono 996 $aChristina Rossetti$91254770 997 $aUNIOR LEADER 01296nas 2200457- 450 001 996590966603316 005 20221027213018.0 011 $a2355-4800 035 $a(DE-599)ZDB3116913-2 035 $a(OCoLC)937596592 035 $a(CKB)31382587800041 035 $a(CONSER)--2016252203 035 $a(EXLCZ)9931382587800041 100 $a20160125a19939999 o-- - 101 0 $aeng 135 $aurmnu|||||||| 181 $ctxt$2rdacontent 182 $cc$2rdamedia 183 $acr$2rdacarrier 200 00$aJournal of dentistry Indonesia 210 1$aJakarta, Indonesia :$cFaculty of Dentistry, University of Indonesia 215 $a1 online resource 300 $aRefereed/Peer-reviewed 311 $a1693-9697 517 1 $aJDI 531 1 $aJ. dent. Indones. 606 $aDentistry$zIndonesia$vPeriodicals 606 $aDentistry$2fast$3(OCoLC)fst00890633 606 $aDentistry 607 $aIndonesia$2fast 607 $aIndonesia 608 $aPeriodicals.$2fast 608 $aPeriodical. 615 0$aDentistry 615 7$aDentistry. 615 2$aDentistry. 712 02$aUniversitas Indonesia.$bFakultas Kedokteran Gigi. 906 $aJOURNAL 912 $a996590966603316 996 $aJournal of Dentistry Indonesia$94155117 997 $aUNISA